Northern lights (Record no. 80113)

MARC details
000 -LEADER
fixed length control field 00943cab a22001935a 4500
001 - CONTROL NUMBER
control field L143253
008 - FIXED-LENGTH DATA ELEMENTS--GENERAL INFORMATION
fixed length control field 080421s2008 xxk f 000 0 eng d
035 ## - SYSTEM CONTROL NUMBER
System control number (Sirsi) u143253
041 0# - LANGUAGE CODE
Language code of text/sound track or separate title eng
100 1# - MAIN ENTRY--PERSONAL NAME
Personal name Menary, Steve
245 00 - TITLE STATEMENT
Title Northern lights
260 ## - PUBLICATION, DISTRIBUTION, ETC.
Date of publication, distribution, etc. 2008
490 ## - SERIES STATEMENT
Series statement Housebuilder
Volume/sequential designation April 2008, 20-21(2)
520 ## - SUMMARY, ETC.
Summary, etc. Reviews the residential property development moratoria in place across significant areas of North West England. Suggests that a number of local authorities are moving towards releasing land. Developers have reduced their flat building as a result of problems of oversupply in the box apartment market. Suggests that although large developers will be keen to build housing in significant numbers, smaller companies may still be able to enter the market.
590 ## - LOCAL NOTE (RLIN)
Local note KA
651 #4 - SUBJECT ADDED ENTRY--GEOGRAPHIC NAME
Geographic name North West (England)
Chronological subdivision 1994-
690 ## - LOCAL SUBJECT ADDED ENTRY--TOPICAL TERM (OCLC, RLIN)
Topical term or geographic name as entry element PROPERTY-RESIDENTIAL PROPERTY-RESIDENTIAL PROPERTY DEVELOPMENT
942 ## - ADDED ENTRY ELEMENTS (KOHA)
Suppress in OPAC 0
Holdings
Withdrawn status Lost status Source of classification or shelving scheme Damaged status Not for loan Home library Current library Shelving location Date acquired Total Checkouts Full call number Barcode Date last seen Copy number Price effective from Koha item type
    Dewey Decimal Classification     London London Journal article 21/04/2008   L143253 143253-1001 06/08/2019 1 06/08/2019 Journal article